Guess the 5 Seconds of Summer song with no hints #9 5SOS - Statistics

General Stats
  • This quiz has been taken 81 times
  • The average score is 202 of 323
Answer Stats
Answer % Correct
I
98%
a
91%
go!)
85%
My
83%
my
83%
(My,
83%
my,
83%
the
83%
and
82%
And
82%
We
82%
in
80%
me
80%
She
80%
she
80%
(No,
78%
no
78%
when
78%
When
78%
it
75%
are
74%
cause
72%
Cause
72%
on
72%
of
71%
always
69%
her
69%
though
69%
though)
69%
bit
68%
got
68%
say
68%
She's
68%
she's
68%
like
66%
(One,
66%
one
66%
(Uno,
66%
we're
66%
(We're
66%
But
65%
friend
65%
hot
65%
hot)
65%
kinda
65%
not
65%
sleep
65%
that
65%
is
63%
I've
63%
Yeah,
63%
(Just
62%
with
62%
girlfriend's
60%
I'm
60%
be
58%
little
58%
bitchin'
57%
dos,
57%
dreams
57%
They
57%
callin'
55%
crazy
55%
friends
55%
haha!)
55%
kings
55%
out
55%
tres,
55%
two,
55%
alright
54%
coming
54%
dad
54%
get
54%
His
54%
job
54%
low
54%
new
54%
plan
54%
queens
54%
think
54%
three,
54%
you've
54%
You've
54%
broken
52%
else
52%
felt
52%
he's
52%
He's
52%
mom
52%
screamin'
52%
shot
52%
left
51%
sayin'
51%
tellin'
51%
there,
51%
big
49%
head
49%
losers
49%
put
49%
bigger
48%
both
48%
plans
48%
scene
48%
understands
48%
won't
48%
also
46%
bad
46%
leaders
46%
college
45%
goin'
43%
meds,
43%
self-esteem
43%
slob
43%
cuatro!)
42%
told
42%
bitty,
40%
itty
40%
really)
40%
really;
40%
that's
40%
feelin'
38%
backs
37%
four!)
37%
Na-na-na-na-na-na-na-na-na-na-na
37%
shrink
35%
brains
34%
gonna
34%
insane
34%
Sometimes
34%
we'll
34%
okay)
26%
neighbour
17%
C'mon)
5%
No matching quizzes found
Score Distribution
Percent of People with Each Score
Percentile by Number Answered
Your Score History
You have not taken this quiz